000 00566nam a2200229Ia 4500
003 OSt
005 20220924133739.0
006 a|||||r|||| 00| 0
007 ta
008 220923b |||||||| |||| 00| 0 snd d
024 _a268592
037 _cTextual
040 _aARTS
_cARTS
_bsnd
041 _2snd
_asnd
082 _aDelta73, 1593K5
100 _aMotwani
245 0 _aSoofi durwesh faqeer moolchand sahib
260 _c1965
300 _a268p.
_ccm.
942 _hDelta73, 1593K5
_cTEXL
_2CC
999 _c435037
_d435037